00660nam a2200181 a 450000100100000000500170001000800410002702000150006804000250008310000290010824500950013726000330023230000210026550400320028670000370031895201060035599900170046100004400520201002045104.0140513s1999 sp 000 0 spa d a8408026666 aDO-SdBNPbspacBNPHU1 aMoral, Rafael del97197110aEnciclopedia de la Novela Española /cRafael del Moral ; prólogo de Andrés Amorós. aBarcelona :bPlaneta,c1999. a712 p. ;c24 cm. aBibliografía : p. 645-67512aAmoros, Andrésepról.915570 0010507-18MOaGRbGRcOId2014-05-13iLF1l0o p44005-10r2020-06-25w2020-06-25y1ZNo se presta c43494d43494